000 00392nam a22001697a 4500
005 20160530114615.0
008 160530b xxu||||| |||| 00| 0 eng d
020 _a81-7693-099-7
041 _aeng
082 _b6035
100 _aKapoor, Jagdeep
_91508
245 _aBrand Namkaran
260 _bBPI India Pvt. Ltd. New Delhi
300 _a101
650 _aManagement
_9241
942 _cBK
999 _c2132
_d2131